| 000 | 00892nam a2200301Ia 4500 | ||
|---|---|---|---|
| 003 | OSt | ||
| 005 | 20221006145525.0 | ||
| 006 | a|||||r|||| 00| 0 | ||
| 007 | ta | ||
| 008 | 221006b |||||||| |||| 00| 0 eng d | ||
| 020 |
_a0804705488 _c _3.75 (each) |
||
| 020 | _a9780804705486 | ||
| 024 | _a15,149 | ||
| 037 | _cTextual | ||
| 040 |
_aEASL _cEASL _beng |
||
| 041 |
_2eng _aeng |
||
| 082 | _aQ841-4vN1, J9;1 | ||
| 100 |
_aWRIGHT Arthur F _9650841 |
||
| 245 | 0 | _aBuddhism in Chinese history | |
| 260 |
_aLondon _bStandford University _c1959 |
||
| 300 |
_a144p. _ccm. |
||
| 490 |
_v RS _aStanford Studies in the Civilizations of Eastern Asia |
||
| 650 | _a CEL | ||
| 650 |
_a Legacy of Buddhism iin China _9654654 |
||
| 650 |
_aThought and society of Han China _9654655 |
||
| 942 |
_hQ841-4vN1, J9;1 _cTEXL _2CC |
||
| 999 |
_c1083235 _d1083235 |
||